000 00546nam a22002297a 4500
003 UA-OsUOA
001 28635
007 ta
008 20050414b un ||||| |||| 00| 0 ukr d
090 _a94(47+57)
_bС76
942 _cBK
040 _aUA-OsUOA
_brus
_cUA-OsUOA
_dUA-OsUOA
245 _aСталинградская эпопея
_cСост. В. К.Печоркин
300 _a720 с.
955 _a0
041 _arus
080 _a94(47+57)
260 _aМ.
_bНаука
_c1968
044 _aRU
650 7 _2UDC
999 _c315004
_d315004